000 00536nam a2200169Ia 4500
005 20250508163440.0
008 008 250505s9999 xx 000 0 eng d
037 _aBooks to be hide in OPAC
040 _aFEDL
_beng
_cFEDL
041 _aeng
_2eng
084 _a370.954, IND/O
_qFEDL
245 0 _aEducation in India. Vol 1 C 1984-85
245 0 _cGovernment of India. Ministry of Human Resource Development Department of Education
300 _aix,233p.
942 _cHB
_h370.954, IND/O
999 _c1383315
_d1383315